000 00653nam a2200193 a 4500
005 20220526063857.0
008 991125s1970 mx 000 0 spa u
035 _aUPN01000020918
049 _aLT
050 4 _aLB1633 M6.1
_bD6.3 1970
100 1 _aDomínguez Rosas, Jesús,
_d1902-
245 1 0 _aEspañol básico :
_b[primer grado] /
_cJesús Domínguez Rosas
260 _aMéxico :
_bTrillas,
_c1970
300 _a187 p.
500 _a"Teoría y práctica ortográfica y gramatical de acuerdo conel programa vigente de segunda enseñanza"
650 4 _aEspañol
_xEstudio y enseñanza (Secundaria)
_97237
904 _aAC
_b020919
905 _aLibro
999 _c20918
_d20918